Historia 3 : tiempos contemporáneos /
Guardado en:
| Autor Principal: | |
|---|---|
| Formato: | Libro |
| Publicado: |
Buenos Aires :
Kapelusz
|
| Series: | Serie Horizonte
|
| Materias: | |
| Etiquetas: |
Agregar Etiqueta
Sin Etiquetas, Sea el primero en etiquetar este registro!
|
| LEADER | 01661nam a22002655a 4500 | ||
|---|---|---|---|
| 001 | CEM.cems009241 | ||
| 005 | 20080215163554.0 | ||
| 008 | 130507b######################000#0#####d | ||
| 003 | CEMS | ||
| 020 | |a 9501325679 | ||
| 082 | 0 | 4 | |a Z982.06 |
| 100 | 1 | |a Vázquez de Fernández, Silvia A. | |
| 245 | 1 | 0 | |a Historia 3 : |b tiempos contemporáneos / |c Silvia A. Vázquez de Fernández |
| 260 | |a Buenos Aires : |b Kapelusz | ||
| 300 | |a 378 p. | ||
| 490 | 0 | |a Serie Horizonte | |
| 505 | 0 | |a La transformación político-social europea desde la Revolución Francesa hasta mediados del siglo XIX -- La Revolución Industrial y su segundo impulso en el siglo XIX -- Las primeras décadas de vida independiente en nuestro país (1810-1852) -- La organización de los nuevos estados nacionales europeos y los tiempos del imperialismo (1850-1914) -- La Argentina de la Organización Nacional y la incorporación plena a la órbita económica mundial -- El siglo XX ante las Guerras Mundiales -- La Argentina entre la democracia popular y la restauración conservadora (1916-1943) -- El mundo en la segunda mitad del siglo XX -- La Argentina en la segunda mitad del siglo XX | |
| 653 | |a Historia | ||
| 653 | |a Historia mundial | ||
| 653 | |a Historia argentina | ||
| 859 | |a CEMS |b BIB. CEMS - 11 de abril |h Z982.06 |i V443 |p 18817.96 |t Ej.1 |v III |3 III | ||
| 859 | |a CEMS |b BIB. CEMS - 11 de abril |h Z982.06 |i V443 |p 18992.96 |t Ej.2 |v III |3 III | ||
| 859 | |a CEMS |b BIB. CEMS - 11 de abril |h Z982.06 |i V443 |p 19152.97 |t Ej.3 |v III |3 III | ||
| 859 | |a CEMS |b BIB. CEMS - 11 de abril |h Z982.06 |i V443 |p 19153.97 |t Ej.4 |v III |3 III | ||
| 859 | |a CEMS |b BIB. CEMS - 11 de abril |h Z982.06 |i V443 |p 19154.97 |t Ej.5 |v III |3 III | ||
